000 00928nam a22002177a 4500
999 _c19621
_d19621
003 AR-CdUCM
008 190518b ||||| |||| 00| 0 spa d
040 _aMUNICIPALIDAD PROVINCIAL DEL CUSCO
_cBIBLIOTECA MUNICIPAL DEL CUSCO
082 _a677.61 /
_bR44
110 _aProyecto corredor Puno-Cusco
_941067
245 _aRescate e interpretación de la iconografía textil de las comunidades de Ccachin, Ccollana, Choquecancha, Quishuarani, Rosaspata :
_bdistrito de Lares-Provincia de Calca /
260 _aSicuani :
_bProyecto corredor Puno-Cusco,
_c2005.
300 _a186 paginas ;
_bIlustraciones,
_c21 cm.
505 _aContenido :Comunidad de Ccachin -- Comunidad de Ccollana -- Fuerzas de la naturaleza -- Iconos sin identificar...
650 _aTextiles
_913427
650 _aIconografia
_9654
650 _aCusco
_9772
650 _aComunidades campesinas
_92214
942 _2ddc
_cLIBROS
945 _awnts
_d2019-05-18